00550cam a2200193 a 450000100100000000500170001000800410002702000150006804000290008308200180011210000170013024500360014726000610018330000210024449000200026565000240028565000260030983000210033500000988920200929161741.0900725s1982 sp 000 0 spa  a8400051629 aDO-SdBNPbspacLCdBNPHU a861.44bS159L1 aSala, Sofia.10aLampara de barro /cSofia Sala. aZaragoza :bInstitucion "Fernando el Católico",c1982. a120 p. ;c25 cm.1 a"San Jorge"v30 4aPoesía española 4aLiteratura española 0a"San Jorge",v30